|
|
|
|
| LEADER |
02121nam a2200481 i 4500 |
| 001 |
EBC4334657 |
| 003 |
MiAaPQ |
| 005 |
20200520144314.0 |
| 006 |
m o d | |
| 007 |
cr cnu|||||||| |
| 008 |
160607t20162016inua ob 001 0 eng d |
| 020 |
|
|
|z 9780253019387
|
| 020 |
|
|
|z 9780253019462
|
| 020 |
|
|
|a 9780253019509
|q (electronic bk.)
|
| 035 |
|
|
|a (MiAaPQ)EBC4334657
|
| 035 |
|
|
|a (Au-PeEL)EBL4334657
|
| 035 |
|
|
|a (CaPaEBR)ebr11140510
|
| 035 |
|
|
|a (OCoLC)935112858
|
| 040 |
|
|
|a MiAaPQ
|b eng
|e rda
|e pn
|c MiAaPQ
|d MiAaPQ
|
| 043 |
|
|
|a e-hu---
|
| 050 |
|
4 |
|a HC240.25.H9
|b .G555 2016
|
| 082 |
0 |
|
|a 337.14209439
|2 23
|
| 100 |
1 |
|
|a Gille, Zsuzsa,
|e author.
|
| 245 |
1 |
0 |
|a Paprika, foie gras, and red mud :
|b the politics of materiality in the European union /
|c Zsuzsa Gille.
|
| 264 |
|
1 |
|a Bloomington, Indiana ;
|a Indianapolis, Indiana :
|b Indiana University Press,
|c 2016.
|
| 264 |
|
4 |
|c 2016
|
| 300 |
|
|
|a 1 online resource (126 pages) :
|b illustrations, tables.
|
| 336 |
|
|
|a text
|2 rdacontent
|
| 337 |
|
|
|a computer
|2 rdamedia
|
| 338 |
|
|
|a online resource
|2 rdacarrier
|
| 490 |
1 |
|
|a Global Research Studies
|
| 504 |
|
|
|a Includes bibliographical references and index.
|
| 588 |
|
|
|a Description based on online resource; title from PDF title page (ebrary, viewed June 1, 2016).
|
| 590 |
|
|
|a Electronic reproduction. Ann Arbor, MI : ProQuest, 2016. Available via World Wide Web. Access may be limited to ProQuest affiliated libraries.
|
| 610 |
2 |
0 |
|a European Union
|z Hungary.
|
| 650 |
|
0 |
|a Trade regulation
|z Hungary.
|
| 651 |
|
0 |
|a Hungary
|x Economic condtions
|y 1989-
|
| 651 |
|
0 |
|a Hungary
|x Social conditions
|y 1989-
|
| 655 |
|
4 |
|a Electronic books.
|
| 776 |
0 |
8 |
|i Print version:
|a Gille, Zsuzsa.
|t Paprika, foie gras, and red mud : the politics of materiality in the European union.
|d Bloomington, Indiana ; Indianapolis, Indiana : Indiana University Press, c2016
|h approximately 126 pages
|k Global research studies.
|z 9780253019387
|
| 797 |
2 |
|
|a ProQuest (Firm)
|
| 830 |
|
0 |
|a Global research studies.
|
| 856 |
4 |
0 |
|u https://ebookcentral.proquest.com/lib/matrademy/detail.action?docID=4334657
|z Click to View
|